|
|
|
|
| LEADER |
00000caa a2200000 c 4500 |
| 001 |
1681394308 |
| 003 |
DE-627 |
| 005 |
20191109193824.0 |
| 007 |
tu |
| 008 |
191107s2019 xx ||||| 00| ||ger c |
| 035 |
|
|
|a (DE-627)1681394308
|
| 035 |
|
|
|a (DE-599)KXP1681394308
|
| 040 |
|
|
|a DE-627
|b ger
|c DE-627
|e rda
|
| 041 |
|
|
|a ger
|
| 100 |
1 |
|
|a Meraklı, Serkan
|e VerfasserIn
|4 aut
|
| 245 |
1 |
4 |
|a Das Schlichtungsverfahren im türkischen Strafprozess
|b Art. 253 t-StPO als Pendant zum Täter-Opfer-Ausgleich im deutschen Strafrecht
|c Dr. Serkan Meraklı
|
| 264 |
|
1 |
|c 2019
|
| 336 |
|
|
|a Text
|b txt
|2 rdacontent
|
| 337 |
|
|
|a ohne Hilfsmittel zu benutzen
|b n
|2 rdamedia
|
| 338 |
|
|
|a Band
|b nc
|2 rdacarrier
|
| 689 |
0 |
0 |
|d g
|0 (DE-588)4061163-2
|0 (DE-627)106136844
|0 (DE-576)209138440
|a Türkei
|2 gnd
|
| 689 |
0 |
1 |
|d s
|0 (DE-588)4116634-6
|0 (DE-627)105805297
|0 (DE-576)209503203
|a Strafverfahren
|2 gnd
|
| 689 |
0 |
2 |
|d s
|0 (DE-588)4215596-4
|0 (DE-627)105056006
|0 (DE-576)210226234
|a Täter-Opfer-Ausgleich
|2 gnd
|
| 689 |
0 |
|
|5 (DE-627)
|
| 773 |
0 |
8 |
|i Enthalten in
|t Zeitschrift für die gesamte Strafrechtswissenschaft
|d Berlin [u.a.] : de Gruyter, 1881
|g 131(2019), 3, Seite 783-807
|w (DE-627)129491098
|w (DE-600)206260-4
|w (DE-576)014885867
|x 0084-5310
|7 nnas
|
| 773 |
1 |
8 |
|g volume:131
|g year:2019
|g number:3
|g pages:783-807
|
| 951 |
|
|
|a AR
|
| ELC |
|
|
|b 1
|
| LOK |
|
|
|0 000 xxxxxcx a22 zn 4500
|
| LOK |
|
|
|0 001 3606501463
|
| LOK |
|
|
|0 003 DE-627
|
| LOK |
|
|
|0 004 1681394308
|
| LOK |
|
|
|0 005 20260116114559
|
| LOK |
|
|
|0 008 200311||||||||||||||||ger|||||||
|
| LOK |
|
|
|0 040
|a DE-21-110
|c DE-627
|d DE-21-110
|
| LOK |
|
|
|0 689
|a s
|a Schlichtungsverfahren
|
| LOK |
|
|
|0 689
|a s
|a Strafprozess
|
| LOK |
|
|
|0 689
|a g
|a Türkei
|
| LOK |
|
|
|0 689
|a s
|a Täter-Opfer-Ausgleich
|
| LOK |
|
|
|0 689
|a s
|a Ausland
|
| LOK |
|
|
|0 852
|z Kein Bestand am IfK; Nachweis für KrimDok
|
| LOK |
|
|
|0 852
|a DE-21-110
|
| LOK |
|
|
|0 852 1
|m v
|9 00
|
| LOK |
|
|
|0 935
|a krub
|
| LOK |
|
|
|0 938
|k v
|
| LOK |
|
|
|0 939
|a 11-03-20
|b l01
|
| ORI |
|
|
|a SA-MARC-krimdoka001.raw
|
| TIM |
|
|
|a 100019230101_100020261231
|b 1923 - 2026
|